000 00695nam a2200289Ia 4500
005 20260324121156.0
008 008 260324s9999 xx 000 0 eng d
020 _a9780203357392
037 _aEBOOK
040 _aCRL
040 _beng
040 _cCRL
041 _2eng
041 _aeng
084 _qCRL
100 _aCaroline McGrath
_91161488
245 0 _aTeaching Mathematics through Story
245 2 _bA creative approach for the early years
260 _bTaylor and Francis
260 _c2014
365 _a
365 _b230
856 _uhttp://www.taylorfrancis.com/books/9780203357392
942 _cEBOOK
999 _c1753423
_d1753423